| 000 | 00841nam a2200205 4500 | ||
|---|---|---|---|
| 005 | 20211215214605.0 | ||
| 008 | 211215s1980 spa |||fr|||| 001 0 spa d | ||
| 040 |
_aCENDOC CAAAP _bspa _cCAAAP |
||
| 041 | _aspa | ||
| 050 |
_aPM 6303 _b.P59 |
||
| 100 |
_94558 _aPino Duran, A. Germán |
||
| 245 |
_aRunasimi (gramática Quechua crítico-comparada) / _cA. Germán Pino Duran |
||
| 250 | _a3ra. ed. | ||
| 260 |
_aConcepción : _bSan Fernando, _c1980 |
||
| 300 | _a169 p. | ||
| 505 | 1 | _aContiene : Proemios -- Nociones generales -- Analogia o morfologia -- Partes de la oracion -- El adjetivo -- El pronombre -- El verbo -- El adverbio -- La posposición -- La interjección -- Oraciones -- La versificación -- Afijos quechuas -- Vocabulario | |
| 650 | 1 | 0 |
_94358 _aGramática |
| 650 | 2 | 0 |
_93190 _aLengua quechua |
| 942 |
_2lcc _b15- 12 - 21 _cBK |
||
| 999 |
_c3076 _d3076 |
||